[Event "World Chess Olympiad 2018"]
[Site "Batumi"]
[Date "2018.10.03"]
[Round "9"]
[Board "2"]
[WhiteFideId "2106388"]
[White "Supi Luis Paulo"]
[BlackFideId "4107101"]
[Black "Meshkov Yuri A."]
[Result "1-0"]
[LiveChessVersion "1.4.8"]
[BlackElo "2313"]
[WhiteElo "2548"]

1. e4 {[%clk 1:30:56]} e5 {[%clk 1:30:21]} 2. Nf3 {[%clk 1:31:08]} Nc6
{[%clk 1:30:36]} 3. Bc4 {[%clk 1:31:24]} Bc5 {[%clk 1:28:50]} 4. O-O
{[%clk 1:29:47]} Nf6 {[%clk 1:26:07]} 5. d3 {[%clk 1:30:12]} d6 {[%clk 1:25:23]}
6. c3 {[%clk 1:30:05]} O-O {[%clk 1:20:46]} 7. Bg5 {[%clk 1:20:51]} h6
{[%clk 1:18:09]} 8. Bh4 {[%clk 1:13:31]} Bg4 {[%clk 1:17:18]} 9. Nbd2
{[%clk 1:12:27]} g5 {[%clk 1:17:31]} 10. Bg3 {[%clk 1:12:45]} Nh5
{[%clk 1:11:47]} 11. Kh1 {[%clk 1:05:26]} Nf4 {[%clk 1:11:37]} 12. b4
{[%clk 0:55:34]} Bb6 {[%clk 1:11:08]} 13. Qc2 {[%clk 0:46:26]} Qf6
{[%clk 1:10:27]} 14. Ng1 {[%clk 0:38:39]} a5 {[%clk 1:08:43]} 15. b5
{[%clk 0:38:14]} Ne7 {[%clk 1:04:47]} 16. f3 {[%clk 0:36:47]} Bd7
{[%clk 1:04:02]} 17. Rae1 {[%clk 0:32:04]} a4 {[%clk 0:54:23]} 18. a3
{[%clk 0:29:34]} Kg7 {[%clk 0:48:21]} 19. Bf2 {[%clk 0:26:24]} Nc8
{[%clk 0:47:09]} 20. g3 {[%clk 0:22:33]} Ng6 {[%clk 0:46:16]} 21. Bxb6
{[%clk 0:20:48]} Nxb6 {[%clk 0:46:33]} 22. Ne2 {[%clk 0:21:11]} Ra5
{[%clk 0:45:31]} 23. Qc1 {[%clk 0:17:59]} Nxc4 {[%clk 0:35:16]} 24. Nxc4
{[%clk 0:18:13]} Rxb5 {[%clk 0:35:05]} 25. Ne3 {[%clk 0:14:37]} Bh3
{[%clk 0:31:09]} 26. Rf2 {[%clk 0:14:49]} Be6 {[%clk 0:26:23]} 27. Ref1
{[%clk 0:14:29]} c6 {[%clk 0:15:59]} 28. c4 {[%clk 0:11:37]} Rb3 {[%clk 0:16:09]}
29. Qd2 {[%clk 0:08:39]} b5 {[%clk 0:14:21]} 30. f4 {[%clk 0:07:59]} Bh3
{[%clk 0:13:06]} 31. Rg1 {[%clk 0:04:08]} exf4 {[%clk 0:10:04]} 32. gxf4
{[%clk 0:04:22]} Rb2 {[%clk 0:09:58]} 33. Qe1 {[%clk 0:04:04]} Rxe2
{[%clk 0:04:35]} 34. Qxe2 {[%clk 0:04:20]} gxf4 {[%clk 0:04:57]} 35. Qh5
{[%clk 0:02:54]} Qd4 {[%clk 0:04:19]} 36. Rf3 {[%clk 0:02:54]} fxe3
{[%clk 0:03:03]} 37. Rxh3 {[%clk 0:03:05]} Rh8 {[%clk 0:01:51]} 38. Rhg3
{[%clk 0:02:07]} Qf6 {[%clk 0:02:01]} 39. cxb5 {[%clk 0:02:10]} c5
{[%clk 0:01:29]} 40. Rxe3 {[%clk 0:32:10]} Rb8 {[%clk 0:31:31]} 41. Rh3
{[%clk 0:30:18]} Rh8 {[%clk 0:29:11]} 42. Rf3 {[%clk 0:26:53]} Qe6
{[%clk 0:29:18]} 43. Qf5 {[%clk 0:26:52]} Re8 {[%clk 0:28:57]} 44. b6
{[%clk 0:26:33]} d5 {[%clk 0:28:49]} 45. Qxe6 {[%clk 0:21:26]} Rxe6
{[%clk 0:28:40]} 46. Rb1 {[%clk 0:21:51]} 1-0

[Event "World Chess Olympiad 2018"]
[Site "Batumi"]
[Date "2018.10.03"]
[Round "9"]
[Board "3"]
[WhiteFideId "14114879"]
[White "Grigorchuk Sergey"]
[BlackFideId "2107660"]
[Black "Mekhitarian Krikor Sevag"]
[Result "1/2-1/2"]
[LiveChessVersion "1.4.8"]
[BlackElo "2543"]
[WhiteElo "2288"]

1. d4 Nf6 2. c4 e6 3. Nf3 d5 4. Nc3 Bb4 5. e3 O-O 6. Bd3 c5 7. O-O cxd4 8. exd4
dxc4 9. Bxc4 b6 10. Qe2 Bb7 11. Rd1 Nbd7 12. Bb3 Re8 13. Ne5 Bxc3 14. bxc3 Qc7
15. Nxd7 Qxd7 16. c4 Rac8 17. Bb2 Ba6 18. a4 Qc7 19. Rac1 Nd5 20. Qd2 Nf4 21. Rc3
Red8 22. Re1 Qd6 23. Qc1 e5 24. dxe5 Qd2 25. Qxd2 Rxd2 26. Bc1 Rd3 27. Rxd3 Nxd3
28. Rd1 Nxe5 29. Bf4 Bxc4 30. Bxc4 Nxc4 31. Rd7 a5 32. Rb7 h6 33. h3 Rc6 34. Bc7
Kf8 35. Kf1 h5 36. h4 Ke8 37. g3 g6 38. Kg2 Kd7 39. Bf4+ Ke6 40. Be3 Nxe3+ 41.
fxe3 Rc2+ 42. Kf3 Rb2 43. Rc7 Rb4 44. e4 Rxa4 45. Rc6+ Ke5 46. Rxb6 Ra3+ 47. Kg2
Kxe4 48. Rf6 Ra2+ 49. Kh3 a4 50. Rxf7 a3 51. Rf6 Ra1 52. Ra6 Kd5 53. Kg2 Kc4 54.
Rxg6 Rd1 55. Ra6 Rd2+ 56. Kf3 Rd3+ 57. Kg2 Kb4 58. g4 Rd5 59. gxh5 Ra5 60. Rb6+
Kc3 61. Rc6+ Kd2 62. Rd6+ Kc2 63. Rc6+ Kd3 64. Rd6+ Ke4 65. Rd1 Rxh5 66. Ra1 Ra5
67. h5 Rg5+ 68. Kf2 Rxh5 69. Rxa3 1/2-1/2

[Event "World Chess Olympiad 2018"]
[Site "Batumi"]
[Date "2018.10.03"]
[Round "9"]
[Board "4"]
[WhiteFideId "2106981"]
[White "El Debs Felipe de Cresce"]
[BlackFideId "2205505"]
[Black "Palacios Perez Manuel"]
[Result "1-0"]
[LiveChessVersion "1.4.8"]
[BlackElo "2151"]
[WhiteElo "2542"]

1. e4 e6 2. d4 d5 3. Bd3 c5 4. exd5 exd5 5. Nf3 Nc6 6. O-O Bd6 7. dxc5 Bxc5 8.
Nbd2 Nge7 9. Nb3 Bd6 10. Re1 O-O 11. Nbd4 a6 12. c3 Qc7 13. h3 h6 14. Bc2 Rd8 15.
Nh4 Nxd4 16. cxd4 Qc4 17. Be3 Bd7 18. Rc1 Qb5 19. a4 Qb6 20. Qd3 f5 21. Bd2 Rf8
22. Nf3 Nc6 23. Bb3 Kh8 24. Bxd5 Nb4 25. Bxb4 Bxb4 26. Ne5 Bxa4 27. Re3 Be8 28.
Qb3 a5 29. Bf7 Bxf7 30. Nxf7+ Kh7 31. Re6 Qxd4 32. Rc7 Rxf7 33. Rxf7 Rc8 34. Qg3
Qxb2 35. Qg6+ Kh8 36. Qxf5 Qd4 37. Rxh6+ Kg8 38. Qxc8+ 1-0

[Event "World Chess Olympiad 2018"]
[Site "Batumi"]
[Date "2018.10.03"]
[Round "9"]
[Board "1"]
[WhiteFideId "5201322"]
[White "Paciencia Enrique"]
[BlackFideId "503142"]
[Black "Nyback Tomi"]
[Result "0-1"]
[LiveChessVersion "1.4.8"]
[BlackElo "2579"]
[WhiteElo "2335"]

1. d4 {[%clk 1:30:44]} Nf6 {[%clk 1:30:55]} 2. c4 {[%clk 1:30:46]} g6
{[%clk 1:31:19]} 3. Nc3 {[%clk 1:30:42]} d5 {[%clk 1:31:42]} 4. cxd5
{[%clk 1:30:20]} Nxd5 {[%clk 1:32:06]} 5. g3 {[%clk 1:29:55]} Bg7
{[%clk 1:27:46]} 6. Bg2 {[%clk 1:29:54]} Nb6 {[%clk 1:26:40]} 7. Nf3
{[%clk 1:28:51]} Nc6 {[%clk 1:27:03]} 8. e3 {[%clk 1:27:41]} O-O {[%clk 1:27:15]}
9. O-O {[%clk 1:26:09]} Re8 {[%clk 1:26:52]} 10. Re1 {[%clk 1:22:31]} a5
{[%clk 1:20:41]} 11. b3 {[%clk 1:14:15]} e5 {[%clk 1:15:20]} 12. dxe5
{[%clk 1:13:19]} Nxe5 {[%clk 1:12:33]} 13. Nxe5 {[%clk 1:13:22]} Qxd1
{[%clk 1:07:24]} 14. Rxd1 {[%clk 1:13:21]} Bxe5 {[%clk 1:07:37]} 15. Bb2
{[%clk 1:13:26]} c6 {[%clk 0:54:50]} 16. Rd2 {[%clk 1:09:26]} Bf5
{[%clk 0:52:52]} 17. Rad1 {[%clk 1:05:38]} Bg7 {[%clk 0:38:03]} 18. Ne2
{[%clk 0:52:16]} Bxb2 {[%clk 0:36:36]} 19. Rxb2 {[%clk 0:52:43]} Red8
{[%clk 0:36:31]} 20. Rbd2 {[%clk 0:52:11]} Rxd2 {[%clk 0:35:42]} 21. Rxd2
{[%clk 0:52:38]} a4 {[%clk 0:34:13]} 22. b4 {[%clk 0:51:48]} a3 {[%clk 0:32:29]}
23. e4 {[%clk 0:41:32]} Be6 {[%clk 0:27:57]} 24. Nf4 {[%clk 0:38:55]} Bc4
{[%clk 0:25:06]} 25. Bf1 {[%clk 0:36:45]} Ra4 {[%clk 0:23:05]} 26. Bxc4
{[%clk 0:31:37]} Nxc4 {[%clk 0:23:28]} 27. Rd8+ {[%clk 0:31:08]} Kg7
{[%clk 0:23:49]} 28. Nd3 {[%clk 0:31:15]} Nb2 {[%clk 0:20:56]} 29. Nc5
{[%clk 0:26:54]} Rxb4 {[%clk 0:19:52]} 30. Rd7 {[%clk 0:25:48]} Nc4
{[%clk 0:18:34]} 31. Nxb7 {[%clk 0:19:11]} Ne5 {[%clk 0:18:24]} 32. Re7
{[%clk 0:15:42]} Rxe4 {[%clk 0:16:58]} 33. Kf1 {[%clk 0:15:14]} Kf6
{[%clk 0:16:21]} 34. Re8 {[%clk 0:14:49]} Nf3 {[%clk 0:13:35]} 35. Ra8
{[%clk 0:11:34]} g5 {[%clk 0:12:14]} 36. Rxa3 {[%clk 0:09:45]} Re1+
{[%clk 0:12:03]} 37. Kg2 {[%clk 0:10:12]} g4 {[%clk 0:12:23]} 38. Rxf3+
{[%clk 0:09:42]} gxf3+ {[%clk 0:12:45]} 39. Kxf3 {[%clk 0:10:11]} Ke5
{[%clk 0:12:24]} 40. Nd8 {[%clk 0:39:34]} c5 {[%clk 0:42:21]} 41. Nxf7+
{[%clk 0:39:58]} Kd5 {[%clk 0:41:07]} 42. Nh6 {[%clk 0:34:57]} Kd4
{[%clk 0:39:23]} 43. Ng4 {[%clk 0:33:52]} c4 {[%clk 0:39:11]} 44. Ne3
{[%clk 0:34:15]} Rxe3+ {[%clk 0:38:51]} 45. fxe3+ {[%clk 0:34:39]} 0-1

[Event "World Chess Olympiad 2018"]
[Site "Batumi"]
[Date "2018.10.03"]
[Round "9"]
[Board "2"]
[WhiteFideId "502081"]
[White "Karttunen Mika"]
[BlackFideId "8602425"]
[Black "Gong Qianyun"]
[Result "1-0"]
[LiveChessVersion "1.4.8"]
[BlackElo "2321"]
[WhiteElo "2472"]

1. e4 {[%clk 1:30:55]} e6 {[%clk 1:30:50]} 2. d4 {[%clk 1:31:13]} d5
{[%clk 1:31:15]} 3. Nc3 {[%clk 1:31:29]} Bb4 {[%clk 1:31:33]} 4. e5
{[%clk 1:31:46]} c5 {[%clk 1:31:53]} 5. a3 {[%clk 1:32:06]} Bxc3+
{[%clk 1:32:07]} 6. bxc3 {[%clk 1:32:27]} Qa5 {[%clk 1:32:16]} 7. Bd2
{[%clk 1:32:43]} Qa4 {[%clk 1:32:36]} 8. h4 {[%clk 1:32:50]} Ne7 {[%clk 1:32:35]}
9. h5 {[%clk 1:30:46]} h6 {[%clk 1:32:47]} 10. Nf3 {[%clk 1:29:59]} Nbc6
{[%clk 1:27:22]} 11. Rh4 {[%clk 1:30:17]} c4 {[%clk 1:27:31]} 12. Rg4
{[%clk 1:30:37]} Rg8 {[%clk 1:17:39]} 13. Nh4 {[%clk 1:28:39]} Bd7
{[%clk 1:15:10]} 14. Rf4 {[%clk 1:27:28]} Nf5 {[%clk 0:54:32]} 15. Nxf5
{[%clk 1:27:07]} exf5 {[%clk 0:53:00]} 16. g3 {[%clk 1:25:31]} O-O-O
{[%clk 0:51:50]} 17. Qb1 {[%clk 1:14:46]} Be6 {[%clk 0:49:27]} 18. Bh3
{[%clk 1:12:36]} g5 {[%clk 0:44:05]} 19. hxg6 {[%clk 1:12:57]} fxg6
{[%clk 0:44:32]} 20. Rh4 {[%clk 1:12:08]} Rh8 {[%clk 0:43:13]} 21. Bg2
{[%clk 0:59:28]} g5 {[%clk 0:37:40]} 22. Rh2 {[%clk 0:59:51]} Rdg8
{[%clk 0:32:25]} 23. Qb2 {[%clk 0:59:28]} h5 {[%clk 0:24:12]} 24. O-O-O
{[%clk 0:46:29]} Ne7 {[%clk 0:15:06]} 25. Rdh1 {[%clk 0:44:30]} Bf7
{[%clk 0:12:57]} 26. e6 {[%clk 0:40:38]} Be8 {[%clk 0:11:32]} 27. Bf3
{[%clk 0:38:20]} g4 {[%clk 0:11:22]} 28. Bg2 {[%clk 0:38:33]} Rg6
{[%clk 0:11:37]} 29. Re1 {[%clk 0:33:18]} Qc6 {[%clk 0:11:54]} 30. Qb4
{[%clk 0:32:03]} Rxe6 {[%clk 0:12:11]} 31. Rhh1 {[%clk 0:30:34]} Ng6
{[%clk 0:10:02]} 32. Rxe6 {[%clk 0:29:48]} Qxe6 {[%clk 0:10:30]} 33. Qc5+
{[%clk 0:28:59]} Bc6 {[%clk 0:10:57]} 34. Re1 {[%clk 0:28:26]} Qd7
{[%clk 0:10:53]} 35. Qxa7 {[%clk 0:28:11]} Qd6 {[%clk 0:10:26]} 36. Bg5
{[%clk 0:27:18]} Kd7 {[%clk 0:10:16]} 37. Qa5 {[%clk 0:15:03]} Rg8
{[%clk 0:06:33]} 38. a4 {[%clk 0:12:41]} Rh8 {[%clk 0:05:17]} 39. Kb2
{[%clk 0:11:23]} Rg8 {[%clk 0:02:55]} 40. Bf1 {[%clk 0:32:54]} Rb8
{[%clk 0:32:45]} 41. Qa7 {[%clk 0:28:59]} Qf8 {[%clk 0:31:07]} 42. Qb6
{[%clk 0:25:52]} Re8 {[%clk 0:23:27]} 43. Rxe8 {[%clk 0:20:02]} Qxe8
{[%clk 0:23:52]} 44. Bg2 {[%clk 0:20:20]} Nf8 {[%clk 0:19:50]} 45. Bf4
{[%clk 0:17:38]} Ne6 {[%clk 0:20:13]} 46. Be5 {[%clk 0:17:54]} Ke7
{[%clk 0:19:41]} 47. Bxd5 {[%clk 0:16:39]} Bxd5 {[%clk 0:15:56]} 48. Qd6+
{[%clk 0:17:04]} Kf7 {[%clk 0:16:25]} 49. Qxd5 {[%clk 0:17:27]} 1-0

[Event "World Chess Olympiad 2018"]
[Site "Batumi"]
[Date "2018.10.03"]
[Round "9"]
[Board "3"]
[WhiteFideId "5804167"]
[White "Lee Qing Aun"]
[BlackFideId "501840"]
[Black "Agopov Mikael"]
[Result "0-1"]
[LiveChessVersion "1.4.8"]
[BlackElo "2447"]
[WhiteElo "2297"]

1. e4 {[%clk 1:30:06]} c6 {[%clk 1:30:48]} 2. d4 {[%clk 1:29:58]} d5
{[%clk 1:31:14]} 3. Nd2 {[%clk 1:29:51]} dxe4 {[%clk 1:31:26]} 4. Nxe4
{[%clk 1:30:06]} Bf5 {[%clk 1:31:36]} 5. Ng3 {[%clk 1:30:23]} Bg6
{[%clk 1:32:02]} 6. Nf3 {[%clk 1:30:38]} Nd7 {[%clk 1:31:35]} 7. Bd3
{[%clk 1:30:47]} e6 {[%clk 1:31:22]} 8. O-O {[%clk 1:30:44]} Ngf6
{[%clk 1:30:28]} 9. Re1 {[%clk 1:30:50]} Be7 {[%clk 1:30:08]} 10. Bxg6
{[%clk 1:30:56]} hxg6 {[%clk 1:30:34]} 11. Bf4 {[%clk 1:31:08]} Nd5
{[%clk 1:22:52]} 12. Bd2 {[%clk 1:31:29]} b5 {[%clk 1:23:15]} 13. Qe2
{[%clk 1:20:17]} Qc7 {[%clk 1:15:32]} 14. Ne5 {[%clk 1:16:15]} Nxe5
{[%clk 1:14:59]} 15. dxe5 {[%clk 1:16:26]} Rh4 {[%clk 1:13:07]} 16. Rac1
{[%clk 1:07:47]} Rd8 {[%clk 1:01:08]} 17. c4 {[%clk 1:02:51]} bxc4
{[%clk 0:58:46]} 18. Rxc4 {[%clk 1:02:59]} Rxc4 {[%clk 0:59:11]} 19. Qxc4
{[%clk 1:03:24]} Nb6 {[%clk 0:59:21]} 20. Qc2 {[%clk 1:02:59]} c5
{[%clk 0:58:58]} 21. Bc3 {[%clk 0:53:00]} Qd7 {[%clk 0:53:36]} 22. Ne4
{[%clk 0:48:19]} Qd3 {[%clk 0:53:31]} 23. Qxd3 {[%clk 0:45:01]} Rxd3
{[%clk 0:53:56]} 24. Kf1 {[%clk 0:44:52]} c4 {[%clk 0:53:11]} 25. Ke2
{[%clk 0:43:51]} Kd7 {[%clk 0:41:05]} 26. Rc1 {[%clk 0:35:44]} Rd5
{[%clk 0:36:58]} 27. f4 {[%clk 0:35:46]} Na4 {[%clk 0:30:52]} 28. Rc2
{[%clk 0:29:23]} g5 {[%clk 0:28:19]} 29. g3 {[%clk 0:24:20]} gxf4
{[%clk 0:26:52]} 30. gxf4 {[%clk 0:24:49]} g5 {[%clk 0:15:56]} 31. Kf3
{[%clk 0:22:27]} Rd3+ {[%clk 0:12:23]} 32. Kg4 {[%clk 0:22:47]} gxf4
{[%clk 0:12:49]} 33. Kxf4 {[%clk 0:23:07]} Bf8 {[%clk 0:13:02]} 34. Kg5
{[%clk 0:13:35]} Bg7 {[%clk 0:08:26]} 35. Re2 {[%clk 0:01:54]} Nxc3
{[%clk 0:05:29]} 36. bxc3 {[%clk 0:01:35]} Rf3 {[%clk 0:03:47]} 37. Ng3
{[%clk 0:00:33]} Rxc3 {[%clk 0:03:27]} 38. Nh5 {[%clk 0:01:02]} Bf8
{[%clk 0:02:22]} 39. Nf6+ {[%clk 0:00:51]} Kc6 {[%clk 0:02:45]} 40. h4
{[%clk 0:31:21]} Rc1 {[%clk 0:31:38]} 41. h5 {[%clk 0:28:06]} c3 {[%clk 0:30:52]}
42. Ng4 {[%clk 0:27:07]} Kc5 {[%clk 0:23:45]} 43. Rf2 {[%clk 0:22:22]} Be7+
{[%clk 0:15:07]} 44. Kf4 {[%clk 0:22:42]} Kd4 {[%clk 0:15:31]} 45. h6
{[%clk 0:20:31]} Rh1 {[%clk 0:15:53]} 46. Nh2 {[%clk 0:20:54]} Bf8
{[%clk 0:15:50]} 47. Kg5 {[%clk 0:16:12]} Kxe5 {[%clk 0:13:52]} 48. h7
{[%clk 0:15:27]} Bg7 {[%clk 0:14:13]} 49. Rxf7 {[%clk 0:12:57]} c2
{[%clk 0:14:23]} 50. Ng4+ {[%clk 0:13:12]} Kd6 {[%clk 0:14:32]} 0-1

[Event "World Chess Olympiad 2018"]
[Site "Batumi"]
[Date "2018.10.03"]
[Round "9"]
[Board "4"]
[WhiteFideId "505455"]
[White "Sipila Vilka"]
[BlackFideId "5804809"]
[Black "Lee Jun Wei"]
[Result "1-0"]
[LiveChessVersion "1.4.8"]
[BlackElo "2134"]
[WhiteElo "2381"]

1. d4 {[%clk 1:30:57]} d5 {[%clk 1:30:46]} 2. c4 {[%clk 1:31:21]} c6
{[%clk 1:31:09]} 3. Nf3 {[%clk 1:31:45]} Nf6 {[%clk 1:31:19]} 4. e3
{[%clk 1:32:10]} Bg4 {[%clk 1:30:57]} 5. Nc3 {[%clk 1:32:29]} e6 {[%clk 1:30:53]}
6. h3 {[%clk 1:32:55]} Bh5 {[%clk 1:30:50]} 7. g4 {[%clk 1:33:20]} Bg6
{[%clk 1:30:30]} 8. Ne5 {[%clk 1:33:45]} Nbd7 {[%clk 1:25:28]} 9. Nxg6
{[%clk 1:34:05]} hxg6 {[%clk 1:25:52]} 10. g5 {[%clk 1:34:30]} Ng8
{[%clk 1:24:51]} 11. h4 {[%clk 1:34:54]} Ne7 {[%clk 1:19:12]} 12. Bd2
{[%clk 1:35:09]} Nf5 {[%clk 1:15:42]} 13. Qg4 {[%clk 1:35:30]} Bb4
{[%clk 1:07:05]} 14. O-O-O {[%clk 1:32:57]} Qa5 {[%clk 1:01:28]} 15. a3
{[%clk 1:29:33]} Bxc3 {[%clk 1:00:27]} 16. Bxc3 {[%clk 1:29:56]} Qa4
{[%clk 0:57:49]} 17. Bd3 {[%clk 1:20:35]} O-O-O {[%clk 0:50:02]} 18. cxd5
{[%clk 1:10:22]} Ne5 {[%clk 0:47:35]} 19. Qf4 {[%clk 1:08:32]} Nxd3+
{[%clk 0:46:59]} 20. Rxd3 {[%clk 1:08:57]} exd5 {[%clk 0:40:13]} 21. h5
{[%clk 1:06:20]} Rde8 {[%clk 0:37:10]} 22. f3 {[%clk 1:04:09]} Re6
{[%clk 0:30:30]} 23. e4 {[%clk 0:50:33]} Nd6 {[%clk 0:28:37]} 24. Rdd1
{[%clk 0:46:19]} Qc4 {[%clk 0:21:35]} 25. e5 {[%clk 0:30:08]} Nb5
{[%clk 0:17:46]} 26. hxg6 {[%clk 0:30:28]} Rf8 {[%clk 0:17:06]} 27. Kd2
{[%clk 0:20:30]} Nxc3 {[%clk 0:14:39]} 28. bxc3 {[%clk 0:20:46]} Rxg6
{[%clk 0:14:34]} 29. Qf5+ {[%clk 0:20:07]} Re6 {[%clk 0:13:07]} 30. g6
{[%clk 0:17:52]} Qa2+ {[%clk 0:12:04]} 31. Kd3 {[%clk 0:17:51]} Qxa3
{[%clk 0:11:21]} 32. Ra1 {[%clk 0:14:52]} Qe7 {[%clk 0:11:05]} 33. Rxa7
{[%clk 0:15:09]} Kb8 {[%clk 0:10:25]} 34. Rha1 {[%clk 0:15:33]} Rxg6
{[%clk 0:10:06]} 35. Qf4 {[%clk 0:15:22]} Re6 {[%clk 0:09:37]} 36. Qh2
{[%clk 0:15:34]} Kc8 {[%clk 0:06:13]} 37. Qb2 {[%clk 0:15:02]} Rd8
{[%clk 0:05:19]} 38. Rb1 {[%clk 0:10:51]} Qc7 {[%clk 0:04:27]} 39. Rxb7
{[%clk 0:11:07]} Qa5 {[%clk 0:04:30]} 40. Ra1 {[%clk 0:40:10]} 1-0

[Event "World Chess Olympiad 2018"]
[Site "Batumi"]
[Date "2018.10.03"]
[Round "9"]
[Board "3"]
[WhiteFideId "4100140"]
[White "Bareev Evgeny"]
[BlackFideId "5704154"]
[Black "Zulkipli Zaidan"]
[Result "1-0"]
[LiveChessVersion "1.4.8"]
[BlackElo "2203"]
[WhiteElo "2666"]

1. g3 {[%clk 1:30:30]} Nf6 {[%clk 1:30:09]} 2. Bg2 {[%clk 1:31:22]} e5
{[%clk 1:29:26]} 3. c4 {[%clk 1:31:46]} d5 {[%clk 1:29:50]} 4. cxd5
{[%clk 1:32:12]} Nxd5 {[%clk 1:30:11]} 5. Nc3 {[%clk 1:32:14]} Nb6
{[%clk 1:26:16]} 6. Nf3 {[%clk 1:32:19]} Nc6 {[%clk 1:26:42]} 7. O-O
{[%clk 1:32:44]} Be7 {[%clk 1:27:05]} 8. a3 {[%clk 1:33:01]} O-O {[%clk 1:27:04]}
9. b4 {[%clk 1:33:22]} Be6 {[%clk 1:27:28]} 10. d3 {[%clk 1:32:27]} Nd4
{[%clk 1:21:11]} 11. Nd2 {[%clk 1:26:49]} Nd5 {[%clk 1:20:02]} 12. Bb2
{[%clk 1:25:54]} Nxc3 {[%clk 1:13:58]} 13. Bxc3 {[%clk 1:26:22]} Bd5
{[%clk 1:14:27]} 14. Bxd5 {[%clk 1:20:56]} Qxd5 {[%clk 1:14:46]} 15. Bxd4
{[%clk 1:21:06]} Qxd4 {[%clk 1:14:47]} 16. Qb3 {[%clk 1:16:14]} Qg4
{[%clk 1:11:21]} 17. Rfe1 {[%clk 0:55:06]} Rad8 {[%clk 1:09:41]} 18. Rac1
{[%clk 0:53:08]} c6 {[%clk 1:02:36]} 19. Rc4 {[%clk 0:49:26]} Qh5
{[%clk 1:02:30]} 20. b5 {[%clk 0:48:54]} c5 {[%clk 0:53:49]} 21. Ra4
{[%clk 0:47:20]} Rd4 {[%clk 0:44:55]} 22. Nf3 {[%clk 0:36:19]} Rd7
{[%clk 0:38:24]} 23. Rxa7 {[%clk 0:35:20]} e4 {[%clk 0:35:56]} 24. dxe4
{[%clk 0:35:41]} Rfd8 {[%clk 0:36:06]} 25. Kg2 {[%clk 0:30:55]} c4
{[%clk 0:25:01]} 26. Qxc4 {[%clk 0:30:46]} Bc5 {[%clk 0:25:31]} 27. Ra4
{[%clk 0:30:42]} b6 {[%clk 0:25:48]} 28. Qb3 {[%clk 0:28:01]} h6 {[%clk 0:20:26]}
29. Rc4 {[%clk 0:26:01]} Ra7 {[%clk 0:15:04]} 30. a4 {[%clk 0:26:19]} Rda8
{[%clk 0:14:28]} 31. Rd1 {[%clk 0:26:24]} Qg6 {[%clk 0:14:52]} 32. Rd5
{[%clk 0:26:35]} Qe6 {[%clk 0:15:19]} 33. h4 {[%clk 0:25:52]} Kh7
{[%clk 0:10:51]} 34. Qc2 {[%clk 0:23:31]} Kh8 {[%clk 0:10:54]} 35. Nd4
{[%clk 0:22:49]} Qf6 {[%clk 0:09:11]} 36. e5 {[%clk 0:21:15]} Qg6
{[%clk 0:03:14]} 37. Qxg6 {[%clk 0:21:09]} fxg6 {[%clk 0:03:43]} 38. Nc6
{[%clk 0:21:00]} Rf7 {[%clk 0:02:58]} 39. f4 {[%clk 0:19:41]} Kg8
{[%clk 0:03:24]} 40. a5 {[%clk 0:49:54]} Be3 {[%clk 0:33:21]} 41. Re4
{[%clk 0:49:38]} Bc5 {[%clk 0:32:36]} 42. a6 {[%clk 0:49:55]} Kf8
{[%clk 0:32:28]} 43. e6 {[%clk 0:50:09]} Rc7 {[%clk 0:32:50]} 44. Rd7
{[%clk 0:50:10]} 1-0

[Event "World Chess Olympiad 2018"]
[Site "Batumi"]
[Date "2018.10.03"]
[Round "9"]
[Board "4"]
[WhiteFideId "5716934"]
[White "Mahmood Shah Mukhriez Shah"]
[BlackFideId "2606577"]
[Black "Hambleton Aman"]
[Result "0-1"]
[LiveChessVersion "1.4.8"]
[BlackElo "2492"]
[WhiteElo "1826"]

1. e4 {[%clk 1:29:58]} c5 {[%clk 1:29:07]} 2. Nf3 {[%clk 1:28:07]} e6
{[%clk 1:29:30]} 3. d4 {[%clk 1:27:04]} cxd4 {[%clk 1:29:54]} 4. Nxd4
{[%clk 1:26:14]} a6 {[%clk 1:30:18]} 5. c4 {[%clk 1:24:49]} Qc7 {[%clk 1:30:14]}
6. Be3 {[%clk 1:22:16]} Nf6 {[%clk 1:29:35]} 7. Nc3 {[%clk 1:20:04]} b6
{[%clk 1:29:21]} 8. Bd3 {[%clk 1:17:50]} Bb7 {[%clk 1:26:19]} 9. O-O
{[%clk 1:14:58]} d6 {[%clk 1:26:31]} 10. Kh1 {[%clk 1:14:25]} Nbd7
{[%clk 1:26:10]} 11. f3 {[%clk 1:13:48]} Be7 {[%clk 1:25:40]} 12. Rc1
{[%clk 1:12:32]} Rc8 {[%clk 1:24:34]} 13. Qd2 {[%clk 1:07:54]} h5
{[%clk 1:23:32]} 14. Rfd1 {[%clk 0:58:22]} h4 {[%clk 1:21:42]} 15. Qf2
{[%clk 0:56:15]} h3 {[%clk 1:14:50]} 16. g3 {[%clk 0:54:59]} g5 {[%clk 1:11:48]}
17. Bxg5 {[%clk 0:50:29]} Ng4 18. fxg4 {[%clk 0:49:07]} Bxg5 {[%clk 1:12:02]} 19.
Rc2 {[%clk 0:47:58]} Ne5 {[%clk 1:12:18]} 20. Qe2 {[%clk 0:46:52]} Qc5
{[%clk 1:09:21]} 21. Nf3 {[%clk 0:45:04]} Nxf3 {[%clk 1:04:35]} 22. Qxf3
{[%clk 0:45:02]} Rh6 {[%clk 1:04:44]} 23. Rf1 {[%clk 0:43:03]} Rf6
{[%clk 1:01:39]} 24. Qe2 {[%clk 0:42:36]} Ke7 {[%clk 0:44:41]} 25. Rxf6
{[%clk 0:39:12]} Bxf6 {[%clk 0:44:51]} 26. Qf3 {[%clk 0:35:21]} Qe5
{[%clk 0:39:43]} 27. Re2 {[%clk 0:34:30]} Qg5 {[%clk 0:35:50]} 28. Qf4
{[%clk 0:28:57]} Rg8 {[%clk 0:34:31]} 29. Qxg5 {[%clk 0:25:22]} Rxg5
{[%clk 0:34:46]} 30. Kg1 {[%clk 0:25:48]} Rxg4 {[%clk 0:30:56]} 31. Nd1
{[%clk 0:25:24]} Bd4+ {[%clk 0:29:48]} 32. Kf1 {[%clk 0:24:37]} Rg5
{[%clk 0:28:28]} 33. Nf2 {[%clk 0:24:03]} Rh5 {[%clk 0:28:47]} 34. Ng4
{[%clk 0:22:14]} Kd7 {[%clk 0:22:10]} 35. b3 {[%clk 0:21:03]} f5 {[%clk 0:15:42]}
36. Nf2 {[%clk 0:20:44]} f4 {[%clk 0:13:01]} 37. gxf4 {[%clk 0:20:36]} Rh4
{[%clk 0:13:23]} 38. Ke1 {[%clk 0:20:40]} Rxf4 {[%clk 0:13:41]} 39. Bc2
{[%clk 0:18:07]} Ke7 {[%clk 0:11:41]} 40. Bb1 {[%clk 0:47:22]} Rf3
{[%clk 0:41:00]} 41. Nd1 {[%clk 0:44:58]} b5 {[%clk 0:39:36]} 42. cxb5
{[%clk 0:44:05]} axb5 {[%clk 0:38:01]} 43. Kd2 {[%clk 0:44:11]} b4
{[%clk 0:35:30]} 44. Bd3 {[%clk 0:44:19]} Rf1 {[%clk 0:28:55]} 45. Re1
{[%clk 0:43:51]} Rf4 {[%clk 0:25:18]} 46. Rf1 {[%clk 0:43:17]} Rg4
{[%clk 0:23:09]} 47. Re1 {[%clk 0:43:15]} Rg2+ {[%clk 0:20:01]} 48. Re2
{[%clk 0:43:44]} Bg1 {[%clk 0:19:59]} 49. Ne3 {[%clk 0:43:14]} Rxe2+
{[%clk 0:19:55]} 50. Bxe2 {[%clk 0:42:01]} Bxh2 {[%clk 0:20:17]} 51. Bf1
{[%clk 0:42:25]} Bf4 {[%clk 0:20:41]} 52. Bxh3 {[%clk 0:42:38]} Ba6
{[%clk 0:21:00]} 53. Bg4 {[%clk 0:42:20]} Kf6 {[%clk 0:21:22]} 54. Be2
{[%clk 0:42:35]} Bxe2 {[%clk 0:21:42]} 55. Kxe2 {[%clk 0:43:03]} Bxe3
{[%clk 0:22:04]} 56. Kxe3 {[%clk 0:43:18]} Ke5 {[%clk 0:22:29]} 57. Kd3
{[%clk 0:43:22]} d5 {[%clk 0:22:33]} 58. exd5 {[%clk 0:43:38]} Kxd5
{[%clk 0:22:57]} 59. Ke3 {[%clk 0:43:34]} e5 {[%clk 0:23:18]} 60. Kd3
{[%clk 0:43:37]} e4+ {[%clk 0:23:41]} 61. Ke3 {[%clk 0:43:43]} Ke5
{[%clk 0:24:05]} 62. Ke2 {[%clk 0:44:08]} Kd4 63. Kd2 {[%clk 0:44:28]} e3+
{[%clk 0:24:54]} 64. Ke2 {[%clk 0:44:48]} Ke4 {[%clk 0:25:19]} 65. Ke1
{[%clk 0:45:01]} Kd3 {[%clk 0:25:42]} 66. Kd1 {[%clk 0:45:28]} e2+
{[%clk 0:26:06]} 67. Ke1 {[%clk 0:45:57]} Ke3 {[%clk 0:26:27]} 0-1